Click on the correct country - Statistics

General Stats
  • This quiz has been taken 386 times
    42 since last reset
  • The average score is 14 of 16
Answer Stats
Hint Extra Hint Answer % Correct
Only country starting with Q This country starts with Q Qatar
100%
This country has a population of over 1 billion It's the most populous country in the world India
97%
This is the most populous country in North America It is also the 4th biggest country in the world, being behind Canada and in front of China United States
97%
This country is one of 2 countries that have the letter X in its name Mexico is the other country Luxembourg
95%
This country has the tallest building, the Burj Khalifa, and this building was finished being built in 2011 The Burj Khalifa is in Dubai United Arab Emirates
95%
This country is known for its extremely large land area Vladimir Putin is the leader of this country Russia
92%
It is the newest country, gaining its independence in 2011 It broke away from Sudan South Sudan
92%
This country is the only country starting with the letter Y This country also borders Saudi Arabia and Oman Yemen
92%
It is the biggest island in the world, and has plenty of kangaroos No, it is not Greenland Australia
89%
This country will be gaining its independence in 2027 It's breaking away
from Papua New
Guinea
Bougainville
89%
This country invented pizza No hints here, it should be obvious! Italy
89%
Less than 900 people live here It is the smallest country by area too Vatican City
84%
This country is known for its overpopulation of ewes, it having more ewes than people! The popular Kiwi roams around here New Zealand
78%
The metropolitan area with the most people in the world is in this country, it having more people than the entire continent of Oceania! This country is an island nation Japan
73%
This country has the 2nd longest city name: Llanfairpwllgwyngyllgogerychwyrndrobwllllantysiliogogogoch It is in Wales, a subdivision of this country United Kingdom
73%
This country invented the english language This country also had the most hated person ever Germany
32%
No matching quizzes found
Score Distribution
Percent of People with Each Score
Percentile by Number Answered
Your Score History
You have not taken this quiz since the last reset